Communes les plus peuplées de l'Indre - Statistiques

Statistiques générales
  • Ce quiz a été pris 76 fois
  • Le résultat moyen est 9 sur 15
Statistiques - réponses
Population (2017) Réponse % Correct
43741 Châteauroux
100%
11905 Issoudun
89%
6389 Le Blanc
79%
4109 La Châtre
70%
4927 Argenton-sur-Creuse
64%
7513 Déols
62%
2367 Valençay
60%
3642 Saint-Maur
57%
4505 Buzançais
55%
2947 Levroux
51%
5851 Le Poinçonnet
43%
3860 Ardentes
40%
2567 Châtillon-sur-Indre
36%
2750 Chabris
32%
2697 Villedieu-sur-Indre
21%
Aucun quiz correspondant
Distribution des résultats
% des personnes avec chaque résultat
Percentile par nombre de réponses
Votre historique - résultats
Vous n’avez pas pris ce quiz